| 000 | 02153nam a22003257i 4500 | ||
|---|---|---|---|
| 001 | 768714001 | ||
| 003 | CO-MdFUSB | ||
| 005 | 20260224215519.0 | ||
| 007 | cr ||||ncaaaaa | ||
| 008 | 180403s2022 ck ||||| |||| 00| 0 spa dd | ||
| 040 |
_aCO-MdFUSB _bEspañol _cCO-MdFUSB _dCO-MdFUSB |
||
| 041 | _aspa | ||
| 043 | _ack | ||
| 100 |
_aFlórez Calderón, Yanet, _eautor |
||
| 245 |
_aGuías para la implementación de las disciplinas espirituales : _boración y comunión _c/ Yanet Flórez Calderón , asesorado por Saskia Donner _h[electrónico] |
||
| 264 | 1 |
_aMedellín, Colombia : _bFUSBC, _c2022 |
|
| 300 | _aRecurso electrónico | ||
| 336 |
_2rdacontent _atexto _btxt |
||
| 337 |
_2rdamedia _ainformático _bc |
||
| 338 |
_2rdacarrier _aremoto _bcr |
||
| 502 |
_aTrabajo de grado _b(Teología) -- _cFundación Universitaria Seminario Bíblico de Colombia, _d2022 |
||
| 504 | _aBibliografía (página 53) | ||
| 505 | _aLa oración como disciplina espiritual: Intimar con Dios en la oración. -- Presencia y aceptación. -- Desarrollando la confianza en Dios. -- Reconociendo nuestra debilidad en la oración. -- La comunión como disciplina espiritual: La humildad es generadora de comunión. -- Actos de bondad que refuerzan la comunión. | ||
| 520 | _aEsta investigación es un trabajo de campo que se realizó durante el año 2022. La investigación, hace parte del proyecto de ministerio y práctica de la iglesia, en donde se diseñaron ocho guías prácticas en base a dos disciplinas espirituales: la renuncia al falso ser y la regla de vida. Las guías están diseñadas para que sean usadas en las iglesias locales. Las reuniones se realizan de manera grupal, en donde hay un facilitador, quien enseña/explica la guía y un grupo pequeño, quienes serán los participantes. El objetivo principal, es que, cada miembro del grupo pequeño pueda crecer de manera espiritual, en las dos disciplinas espirituales previamente mencionadas. | ||
| 535 | _aRecurso en REPCI | ||
| 650 | 0 |
_aVida espiritual _951 |
|
| 700 |
_aDonner, Saskia _easesor _92718 |
||
| 856 |
_uhttps://repositorio.repci.co/handle/123456789/644 _aREPCI |
||
| 942 | _cTG | ||
| 999 |
_c69267 _d69267 |
||